000 00249as aa2200097a 44500
090 _aSERIADAS
_b01031
245 1 0 _aZoodivulgación
260 _bUniversidad Nacional de Colombia. Facultad de Ciencias
_aColombia
041 0 _aEspaƱol
942 _cREVISTA
999 _c17192
_d17192